Presupuesto ordinario / Comisión Mixta de Coordinación Estadística
Descripción Física:
[15] f. ; 29 cm
MARC
| LEADER | 00000nam a2200000Ia 4500 | ||
|---|---|---|---|
| 001 | 22093 | ||
| 008 | 160829s1972 xx 000 0 cat d | ||
| 080 | |a FU-53-13 | ||
| 100 | |a Comisión Mixta de Coordinación Estadística |9 39433 | ||
| 245 | |a Presupuesto ordinario / Comisión Mixta de Coordinación Estadística | ||
| 260 | |a Barcelona : |b la Comisión, |c 1972 | ||
| 300 | |a [15] f. ; |c 29 cm | ||
| 590 | |a Prové de S-133 | ||
| 650 | |a Comisión Mixta de Coordinación Estadística |x Pressupostos |9 47074 | ||
| 901 | |a Arxiu | ||
| 942 | |n 1 | ||
| 952 | |0 0 |1 0 |4 0 |6 FU5313 |7 1 |9 53644 |a Arxiu |b Arxiu |d 2016-12-01 |l 0 |o FU-53-13 |p 22093 |r 2016-12-01 00:00:00 |w 2016-12-01 |y ARXIU | ||
| 999 | |c 57510 |d 57510 | ||